000 00285nam a22001337a 4500
008 190305b xxu||||| |||| 00| 0 eng d
020 _a0029253608
041 _aeng
080 _a338
100 _a52
101 _aMNG
245 _aCompetitive Strategies
_cPorter
942 _2udc
_cBK
999 _c54531
_d54531